[Event "MINI_ELO 2019 (1)"]
[Site "Suwalki"]
[Date "2019.03.23"]
[Round "3.8"]
[White "Palejko, Gabriela"]
[Black "Wiszniewski, Stanislaw"]
[Result "1-0"]
[WhiteElo "1113"]
[BlackElo "1233"]
[PlyCount "141"]
[EventDate "2019.??.??"]

1. e4 {[%clk 0:30:58]} 1... e5 {[%clk 0:30:55]} 2. Nf3 {[%clk 0:31:25]} 2...
Nc6 {[%clk 0:31:19]} 3. Nc3 {[%clk 0:31:50]} 3... Bc5 {[%clk 0:31:39]} 4. Nxe5
{[%clk 0:32:16]} 4... Nxe5 {[%clk 0:31:56]} 5. d4 {[%clk 0:32:43]} 5... Bxd4 {
[%clk 0:32:05]} 6. Qxd4 {[%clk 0:33:08]} 6... Nc6 {[%clk 0:32:27]} 7. Qxg7 {
[%clk 0:33:34]} 7... Qf6 {[%clk 0:32:42]} 8. Qxf6 {[%clk 0:33:24]} 8... Nxf6 {
[%clk 0:31:21]} 9. Bg5 {[%clk 0:33:50]} 9... Ng8 {[%clk 0:31:25]} 10. O-O-O {
[%clk 0:34:12]} 10... d6 {[%clk 0:31:50]} 11. Bc4 {[%clk 0:34:37]} 11... Bd7 {
[%clk 0:30:51]} 12. Rhe1 {[%clk 0:35:00]} 12... f6 {[%clk 0:30:58]} 13. Bf4 {
[%clk 0:34:21]} 13... Nge7 {[%clk 0:31:10]} 14. Nb5 {[%clk 0:34:15]} 14...
O-O-O {[%clk 0:31:15]} 15. Bg3 {[%clk 0:32:33]} 15... a6 {[%clk 0:31:20]} 16.
Nc3 {[%clk 0:32:33]} 16... h5 {[%clk 0:29:35]} 17. Bh4 {[%clk 0:32:40]} 17...
Rdf8 {[%clk 0:29:16]} 18. Nd5 {[%clk 0:31:36]} 18... Nxd5 {[%clk 0:28:59]} 19.
exd5 {[%clk 0:32:01]} 19... Ne5 {[%clk 0:29:01]} 20. Bb3 {[%clk 0:32:11]} 20...
Ng6 {[%clk 0:29:03]} 21. Bg3 {[%clk 0:32:31]} 21... h4 {[%clk 0:29:20]} 22.
Bxd6 {[%clk 0:32:15]} 22... cxd6 {[%clk 0:29:29]} 23. Rd3 {[%clk 0:32:20]}
23... Re8 {[%clk 0:28:36]} 24. Rc3+ {[%clk 0:32:31]} 24... Kb8 {[%clk 0:28:58]}
25. Rd1 {[%clk 0:32:49]} 25... Nf4 {[%clk 0:28:47]} 26. Rf3 {[%clk 0:32:55]}
26... Ne2+ {[%clk 0:28:18]} 27. Kb1 {[%clk 0:33:19]} 27... Bg4 28. Rxf6 {
[%clk 0:32:37]} 28... Nc3+ {[%clk 0:28:29]} 29. bxc3 {[%clk 0:33:02]} 29...
Bxd1 {[%clk 0:28:51]} 30. Rxd6 {[%clk 0:33:28]} 30... Rd8 {[%clk 0:28:49]} 31.
Re6 {[%clk 0:33:49]} 31... Bg4 {[%clk 0:28:51]} 32. Re4 {[%clk 0:34:12]} 32...
Bf5 {[%clk 0:28:10]} 33. Rf4 {[%clk 0:34:33]} 33... Bd7 {[%clk 0:27:16]} 34. g3
{[%clk 0:34:25]} 34... hxg3 {[%clk 0:27:32]} 35. hxg3 {[%clk 0:34:45]} 35...
Rh1+ {[%clk 0:27:52]} 36. Kb2 {[%clk 0:35:13]} 36... a5 {[%clk 0:28:01]} 37. f3
{[%clk 0:35:16]} 37... a4 {[%clk 0:28:26]} 38. Bc4 {[%clk 0:35:38]} 38... b5 {
[%clk 0:28:44]} 39. Bd3 {[%clk 0:36:06]} 39... Be8 {[%clk 0:28:54]} 40. g4 {
[%clk 0:36:15]} 40... Rxd5 {[%clk 0:28:34]} 41. Rf8 {[%clk 0:36:27]} 41... Rd8
{[%clk 0:28:53]} 42. Bxb5 {[%clk 0:35:55]} 42... Re1 {[%clk 0:29:16]} 43. Bxa4
{[%clk 0:35:28]} 43... Kc7 {[%clk 0:29:26]} 44. Bxe8 {[%clk 0:35:24]} 44...
Rdxe8 {[%clk 0:29:43]} 45. Rf4 {[%clk 0:35:26]} 45... R1e5 {[%clk 0:29:45]} 46.
Rc4+ {[%clk 0:35:20]} 46... Kb6 {[%clk 0:30:09]} 47. a4 {[%clk 0:35:32]} 47...
Ra8 {[%clk 0:29:33]} 48. Rb4+ {[%clk 0:34:41]} 48... Kc6 {[%clk 0:29:48]} 49.
f4 {[%clk 0:34:43]} 49... Rea5 {[%clk 0:30:12]} 50. Kb3 {[%clk 0:35:01]} 50...
R8a6 {[%clk 0:30:10]} 51. g5 {[%clk 0:34:56]} 51... Rb6 {[%clk 0:30:31]} 52. g6
{[%clk 0:34:51]} 52... Rxb4+ {[%clk 0:30:45]} 53. cxb4 {[%clk 0:35:15]} 53...
Ra8 {[%clk 0:31:07]} 54. f5 {[%clk 0:35:25]} 54... Kd6 {[%clk 0:31:15]} 55. a5
{[%clk 0:35:38]} 55... Ke5 {[%clk 0:31:39]} 56. c4 {[%clk 0:35:58]} 56... Kxf5
{[%clk 0:32:02]} 57. Ka4 {[%clk 0:36:24]} 57... Kxg6 {[%clk 0:32:22]} 58. b5 {
[%clk 0:36:50]} 58... Kf6 {[%clk 0:31:33]} 59. a6 {[%clk 0:37:12]} 59... Ke6 {
[%clk 0:31:58]} 60. Ka5 {[%clk 0:37:30]} 60... Kd6 {[%clk 0:32:23]} 61. b6 {
[%clk 0:37:08]} 61... Kc6 {[%clk 0:32:06]} 62. a7 {[%clk 0:37:23]} 62... Kb7 {
[%clk 0:32:22]} 63. c5 {[%clk 0:37:47]} 63... Kc6 {[%clk 0:32:43]} 64. Ka6 {
[%clk 0:38:10]} 64... Kxc5 {[%clk 0:32:59]} 65. b7 {[%clk 0:38:37]} 65... Rf8 {
[%clk 0:33:09]} 66. b8=Q {[%clk 0:38:54]} 66... Rf6+ {[%clk 0:33:23]} 67. Ka5 {
[%clk 0:39:20]} 67... Rf3 {[%clk 0:33:33]} 68. Qb4+ {[%clk 0:39:30]} 68... Kc6
{[%clk 0:33:36]} 69. a8=Q+ {[%clk 0:39:46]} 69... Kc7 {[%clk 0:33:44]} 70. Qb6+
{[%clk 0:40:02]} 70... Kd7 {[%clk 0:34:01]} 71. Qaa7+ {[%clk 0:40:27]} 1-0

[Event "MINI_ELO 2019 (1)"]
[Site "Suwalki"]
[Date "2019.03.23"]
[Round "3.9"]
[White "Racis, Michal"]
[Black "Gorka, Robert"]
[Result "0-1"]
[WhiteElo "1023"]
[BlackElo "1166"]
[PlyCount "164"]
[EventDate "2019.??.??"]

1. d4 Nf6 2. Nf3 g6 3. c3 Bg7 4. Bg5 O-O 5. Nbd2 d6 6. Nb3 Bf5 7. e3 Nbd7 8.
Bd3 Be6 9. h3 c5 10. Nbd2 Qc7 11. O-O c4 12. Bc2 b5 13. e4 Nb6 14. d5 Bd7 15.
Nd4 e6 16. dxe6 fxe6 17. N2f3 e5 18. Ne2 Bc6 19. Ng3 h6 20. Be3 d5 21. exd5
Nbxd5 22. Bc5 Rfd8 23. Qe2 e4 24. Nxe4 Nxe4 25. Qxe4 Nf4 26. Qe7 Rd7 27. Qe3
Rf7 28. Rfd1 Re8 29. Bd6 Qb7 30. Qc5 Bxf3 31. Bxg6 Ne2+ 32. Kh2 Rc8 33. Bxf7+
Kxf7 34. Qf5+ Kg8 35. Qxf3 Qxf3 36. gxf3 b4 37. cxb4 Bxb2 38. Rab1 c3 39. Rg1+
Nxg1 40. Rxg1+ Kf7 41. Be5 Re8 42. f4 Rxe5 43. fxe5 c2 44. Kg3 Bxe5+ 45. Kf3
Bb2 46. Ke4 c1=Q 47. Rxc1 Bxc1 48. a4 Bd2 49. b5 Ke6 50. f3 Kf6 51. f4 h5 52.
Kd3 Bxf4 53. Kc4 Ke6 54. Kc5 Be3+ 55. Kc4 Kd6 56. Kd3 Bf2 57. Ke2 Bg3 58. Kd3
Kc5 59. Kc3 Be1+ 60. Kb3 h4 61. Ka3 Kc4 62. b6 axb6 63. a5 bxa5 64. Ka4 Kd4 65.
Kb3 Ke3 66. Kc2 Kf3 67. Kd1 Bb4 68. Kc1 Kg3 69. Kd1 Kxh3 70. Ke2 Kg2 71. Ke3 h3
72. Ke4 h2 73. Kd5 h1=Q 74. Ke4 Qd1 75. Ke5 Kf3 76. Ke6 Qd6+ 77. Kf7 Qe7+ 78.
Kg8 Qf8+ 79. Kh7 Bc3 80. Kg6 Qf6+ 81. Kh5 Qg7 82. Kh4 Qg4# 0-1

[Event "MINI_ELO 2019 (1)"]
[Site "Suwalki"]
[Date "2019.03.23"]
[Round "3.10"]
[White "Makarec, Anna"]
[Black "Sawicki, Dorian"]
[Result "1-0"]
[WhiteElo "1071"]
[BlackElo "1062"]
[PlyCount "137"]
[EventDate "2019.??.??"]

1. e4 c5 2. Nc3 Nc6 3. g3 g6 4. d3 d6 5. Be3 Bg7 6. Qd2 Nf6 7. Bg2 Bd7 8. Nge2
a6 9. h3 Rb8 10. Bh6 O-O 11. f3 b5 12. g4 Qc7 13. h4 Ne5 14. h5 b4 15. Nd5 Nxd5
16. exd5 e6 17. hxg6 hxg6 18. Bxg7 Kxg7 19. Qh6+ Kf6 20. f4 Nxg4 21. Qh4+ Kg7
22. Qxg4 exd5 23. Qg5 c4 24. Qxd5 Qb6 25. Qxc4 Rbc8 26. Qd4+ Qxd4 27. Nxd4
Rfe8+ 28. Kd2 Re7 29. Rae1 Rce8 30. Rxe7 Rxe7 31. Bh3 Bxh3 32. Rxh3 Rc7 33. Rg3
Kf6 34. Rf3 Kg7 35. f5 gxf5 36. Nxf5+ Kg6 37. Nxd6 Rd7 38. Ne4 f5 39. Nc5 Rd6
40. Rf4 Rc6 41. Nd7 Rd6 42. Ne5+ Kf6 43. Nf3 a5 44. Rd4 Re6 45. Rd5 Ra6 46. Nd4
f4 47. Rf5+ Kg6 48. Rxf4 Kg5 49. Rf5+ Kg6 50. Rb5 Kf6 51. Nb3 a4 52. Nc5 Rc6
53. Nxa4 Rd6 54. Nc5 Rd4 55. Ne4+ Ke6 56. Rb6+ Kf5 57. Rd6 Rxd6 58. Nxd6+ Ke5
59. Nc4+ Kd4 60. c3+ bxc3+ 61. bxc3+ Kc5 62. a4 Kc6 63. a5 Kb5 64. d4 Kc6 65.
a6 Kc7 66. d5 Kc8 67. d6 Kb8 68. d7 Kc7 69. a7 1-0

[Event "MINI_ELO 2019 (1)"]
[Site "Suwalki"]
[Date "2019.03.23"]
[Round "4.1"]
[White "Sapinski, Sebastian"]
[Black "Pieczulis, Blazej"]
[Result "1/2-1/2"]
[WhiteElo "1452"]
[BlackElo "1488"]
[PlyCount "66"]
[EventDate "2019.??.??"]

1. e4 e6 2. d4 d5 3. Nc3 Nf6 4. Bg5 dxe4 5. Nxe4 Be7 6. Bxf6 Bxf6 7. Nxf6+ Qxf6
8. Nf3 b6 9. Bb5+ c6 10. Be2 O-O 11. Ne5 Bb7 12. Bf3 Qe7 13. O-O Qc7 14. Re1
Nd7 15. c3 Rad8 16. Qc2 c5 17. Nxd7 Rxd7 18. Bxb7 Qxb7 19. dxc5 bxc5 20. Rad1
Rfd8 21. Rxd7 Qxd7 22. Kf1 Qd6 23. h3 Qa6+ 24. Kg1 Qxa2 25. Rd1 Qa5 26. Rxd8+
Qxd8 27. Qa4 Qe7 28. Qc6 h6 29. Qa8+ Kh7 30. Qe4+ g6 31. Qc6 e5 32. f3 f5 33.
Kf2 Qh4+ 1/2-1/2

[Event "MINI_ELO 2019 (1)"]
[Site "Suwalki"]
[Date "2019.03.23"]
[Round "4.2"]
[White "Czarniecki, Pawel"]
[Black "Janczylik, Tomasz"]
[Result "1-0"]
[WhiteElo "1495"]
[BlackElo "1217"]
[PlyCount "85"]
[EventDate "2019.??.??"]

1. d4 e6 2. Nf3 d5 3. e3 Nf6 4. Bd3 c5 5. c3 Nc6 6. Nbd2 c4 7. Bc2 Bd7 8. Ne5
Bd6 9. f4 Ne7 10. Ndf3 Neg8 11. Ng5 Nh6 12. O-O g6 13. b3 b5 14. bxc4 bxc4 15.
Ba4 O-O 16. Nxd7 Nxd7 17. e4 Nb6 18. Bc2 Kg7 19. f5 Be7 20. h4 Qd6 21. e5 Qd7
22. f6+ Bxf6 23. exf6+ Kg8 24. Nf3 Nf5 25. g4 Ng3 26. Ne5 Qc7 27. Qd2 Nd7 28.
Nxd7 Ne4 29. Bxe4 dxe4 30. Ne5 Kh8 31. Ba3 Rg8 32. Be7 Raf8 33. Qh6 Qc8 34.
Bxf8 Qxf8 35. Qxf8 Rxf8 36. Rab1 h5 37. g5 Kg8 38. Rb7 a5 39. Rfb1 Rd8 40. Rxf7
e3 41. Rg7+ Kf8 42. Nxg6+ Ke8 43. Re7# 1-0

[Event "MINI_ELO 2019 (1)"]
[Site "Suwalki"]
[Date "2019.03.23"]
[Round "4.3"]
[White "Palejko, Gabriela"]
[Black "Kotarski, Grzegorz"]
[Result "0-1"]
[WhiteElo "1113"]
[BlackElo "1414"]
[PlyCount "86"]
[EventDate "2019.??.??"]

1. e4 c5 2. Nf3 e6 3. d4 cxd4 4. Nxd4 Nf6 5. Bd3 d6 6. Nc3 a6 7. O-O b5 8. Bg5
Be7 9. Re1 O-O 10. Qf3 Bb7 11. Qh3 e5 12. Nf5 Bc8 13. Qg3 Bxf5 14. exf5 Nc6 15.
Bh6 Ne8 16. Nd5 f6 17. Nxe7+ Nxe7 18. Be4 d5 19. Bf3 Nxf5 20. Qg4 Nxh6 21. Qe6+
Nf7 22. Bxd5 Nc7 23. Qc6 Nxd5 24. Rad1 Ne7 25. Qe6 Qe8 26. Rd7 Ng6 27. Qd5 Rd8
28. Rxd8 Qxd8 29. Qf3 Qd2 30. Rf1 Rd8 31. Qb3 Nf4 32. c3 Qd5 33. Qxd5 Rxd5 34.
g3 Nh3+ 35. Kg2 Nhg5 36. h4 Ne4 37. Re1 Nfd6 38. f3 Rd2+ 39. Kg1 Nxg3 40. b4
Ndf5 41. a3 Nxh4 42. Re3 e4 43. fxe4 Rg2# 0-1

[Event "MINI_ELO 2019 (1)"]
[Site "Suwalki"]
[Date "2019.03.23"]
[Round "4.4"]
[White "Sawicki, Wojciech"]
[Black "Butkiewicz, Jan"]
[Result "0-1"]
[WhiteElo "1341"]
[BlackElo "1165"]
[PlyCount "57"]
[EventDate "2019.??.??"]

1. d4 d5 2. c4 e6 3. Nf3 Nf6 4. e3 c5 5. Bd3 Nc6 6. Nc3 Bd7 7. b3 Be7 8. O-O
O-O 9. Bb2 b6 10. Rc1 Rc8 11. Ne2 Bd6 12. Bb1 Bb8 13. Qc2 cxd4 14. Nexd4 Ne4
15. Nxc6 Bxc6 16. Nd4 Qd6 17. g3 f5 18. Rcd1 Qe7 19. Qe2 dxc4 20. Qxc4 Bd5 21.
Qa6 Nc5 22. Qe2 Bd6 23. Nxf5 exf5 24. Rxd5 Qe6 25. Rfd1 Rcd8 26. Qc4 Kh8 27.
Bc2 a6 28. Qd4 Rf6 29. Bxf5 0-1

[Event "MINI_ELO 2019 (1)"]
[Site "Suwalki"]
[Date "2019.03.23"]
[Round "4.5"]
[White "Wasilewski, Stanislaw"]
[Black "Kopaczewski, Zbigniew"]
[Result "1/2-1/2"]
[WhiteElo "1147"]
[BlackElo "1335"]
[PlyCount "87"]
[EventDate "2019.??.??"]

1. c4 b6 2. d4 Bb7 3. Nc3 g6 4. e3 Bg7 5. Nf3 Nf6 6. Be2 d6 7. O-O O-O 8. a3 c6
9. b4 c5 10. bxc5 bxc5 11. Rb1 cxd4 12. Nxd4 Qd7 13. Qb3 Be4 14. Nxe4 Nxe4 15.
Bf3 d5 16. cxd5 Nc5 17. Qd1 Nba6 18. d6 Rac8 19. dxe7 Qxe7 20. Bb2 Ne4 21. Bxe4
Qxe4 22. Qa4 Nc5 23. Qxa7 Nd3 24. Qa4 Rb8 25. Qc2 Rfc8 26. Qd2 Be5 27. f3 Qh4
28. f4 Nxb2 29. Rxb2 Bd6 30. Rxb8 Bxb8 31. Rc1 Rd8 32. Qe1 Qxe1+ 33. Rxe1 Bxf4
34. exf4 Rxd4 35. g3 Ra4 36. Ra1 Kg7 37. Kg2 Kf6 38. Kf3 h6 39. h4 g5 40. hxg5+
hxg5 41. fxg5+ Kxg5 42. Ra2 Kf5 43. Ra1 Kg5 44. Ra2 1/2-1/2

[Event "MINI_ELO 2019 (1)"]
[Site "Suwalki"]
[Date "2019.03.23"]
[Round "4.6"]
[White "Pieczulis, Hubert"]
[Black "Gorka, Robert"]
[Result "0-1"]
[WhiteElo "1246"]
[BlackElo "1166"]
[PlyCount "132"]
[EventDate "2019.??.??"]

1. Nf3 Nf6 2. d4 g6 3. Bg5 Bg7 4. c3 O-O 5. Nbd2 d6 6. e4 c5 7. d5 Qb6 8. Qc2
e6 9. Nc4 Qc7 10. Bxf6 Bxf6 11. Ne3 Nd7 12. Be2 Nb6 13. O-O exd5 14. Nxd5 Nxd5
15. exd5 Bf5 16. Bd3 Bxd3 17. Qxd3 c4 18. Qd2 Rfe8 19. Rfe1 b5 20. Nd4 Bxd4 21.
Qxd4 Re7 22. Re3 Rae8 23. Rae1 Qb7 24. a3 Rxe3 25. fxe3 Re5 26. Rd1 Qe7 27. Kf2
Re4 28. Qd2 Qe5 29. g3 h5 30. Qe2 h4 31. Qf3 hxg3+ 32. hxg3 Qe7 33. Rd4 Re5 34.
Rf4 Qb7 35. e4 Qe7 36. Qg4 g5 37. Rf5 f6 38. Ke3 a5 39. Rxe5 Qxe5 40. Qe6+ Qxe6
41. dxe6 Kf8 42. Kd4 Ke7 43. Kd5 g4 44. Kc6 Kxe6 45. Kxb5 d5 46. exd5+ Kxd5 47.
Kxa5 Kc5 48. Ka4 f5 49. b4+ Kb6 50. b5 f4 51. gxf4 g3 52. Kb4 g2 53. a4 g1=Q
54. a5+ Kb7 55. Kxc4 Qf1+ 56. Kb4 Qxf4+ 57. c4 Qd2+ 58. Ka4 Qc3 59. a6+ Ka7 60.
b6+ Kxb6 61. a7 Qxc4+ 62. Ka3 Kxa7 63. Kb2 Kb6 64. Ka1 Qb4 65. Ka2 Kc5 66. Ka1
Kc4 0-1

[Event "MINI_ELO 2019 (1)"]
[Site "Suwalki"]
[Date "2019.03.23"]
[Round "4.7"]
[White "Makarec, Anna"]
[Black "Palejko, Maria"]
[Result "0-1"]
[WhiteElo "1071"]
[BlackElo "1238"]
[PlyCount "120"]
[EventDate "2019.??.??"]

1. e4 e5 2. Nf3 Nf6 3. Nxe5 d6 4. Nf3 Nxe4 5. d3 Nf6 6. Nc3 Nc6 7. Be2 Be7 8.
Be3 Be6 9. Qd2 d5 10. d4 Bb4 11. Bb5 Ne4 12. Qd3 O-O 13. O-O Bxc3 14. bxc3 Ne7
15. c4 c6 16. cxd5 Bxd5 17. Bc4 Rc8 18. Rab1 Qc7 19. Ng5 Nxg5 20. Bxg5 b5 21.
Bxe7 Bxc4 22. Qa3 Rfe8 23. Rfe1 Be6 24. Bc5 a5 25. Bd6 Qa7 26. Bc5 Qa6 27. Bb4
Ra8 28. Bd2 b4 29. Qb2 Qc4 30. Ra1 Rad8 31. Be3 Bf5 32. Rac1 Be6 33. Ra1 Rb8
34. Bd2 Red8 35. Be3 a4 36. Red1 a3 37. Qb3 Qb5 38. Qd3 Qa5 39. c4 bxc3 40.
Rdb1 Rxb1+ 41. Qxb1 Bf5 42. Qb3 c2 43. Rc1 h6 44. f3 Re8 45. Kf2 Ra8 46. Re1
Qd5 47. Qxd5 cxd5 48. Bc1 Bd3 49. Re3 Bc4 50. Rxa3 Rxa3 51. Bxa3 Bxa2 52. Ke2
Kh7 53. Kd3 Bb1 54. Kc3 Kg6 55. Kb4 Kf5 56. g3 h5 57. Kc5 Ba2 58. Kb4 g5 59.
Kc3 Bb1 60. Kd3 c1=Q+ 0-1

[Event "MINI_ELO 2019 (1)"]
[Site "Suwalki"]
[Date "2019.03.23"]
[Round "4.9"]
[White "Bartnik, Michal"]
[Black "Racis, Michal"]
[Result "1/2-1/2"]
[WhiteElo "1074"]
[BlackElo "1023"]
[PlyCount "63"]
[EventDate "2019.??.??"]

1. e4 e5 2. Nf3 d6 3. d4 exd4 4. Nxd4 Be6 5. Nxe6 fxe6 6. Bd3 Be7 7. O-O Nf6 8.
Nc3 O-O 9. Be3 Nc6 10. a3 e5 11. Bc4+ Kh8 12. f3 Nh5 13. Nd5 Rc8 14. Nxe7 Nxe7
15. Be6 Ra8 16. Bb3 Nf4 17. Bxf4 Rxf4 18. Bd5 Rb8 19. Qd2 Qd7 20. Rad1 Qb5 21.
Qc3 Nc6 22. Bxc6 Qxc6 23. Qxc6 bxc6 24. b3 Rff8 25. Rd3 Rb6 26. Kf2 g5 27. Ke2
Kg7 28. h3 Kg6 29. Rc3 h5 30. Rd3 Kh6 31. a4 a5 32. Rc3 1/2-1/2

[Event "MINI_ELO 2019 (1)"]
[Site "Suwalki"]
[Date "2019.03.24"]
[Round "5.1"]
[White "Pieczulis, Blazej"]
[Black "Czarniecki, Pawel"]
[Result "0-1"]
[WhiteElo "1488"]
[BlackElo "1495"]
[PlyCount "120"]
[EventDate "2019.??.??"]

1. d4 d5 2. Nf3 Nf6 3. e3 Bf5 4. c4 e6 5. Nc3 c6 6. Bd3 Bxd3 7. Qxd3 Bd6 8. O-O
Nbd7 9. e4 dxe4 10. Nxe4 Nxe4 11. Qxe4 Nf6 12. Qh4 Nd7 13. Qg4 g6 14. Bg5 Be7
15. Rad1 Bxg5 16. Nxg5 Nf6 17. Qf4 h6 18. Ne4 Nxe4 19. Qxe4 O-O 20. d5 cxd5 21.
cxd5 exd5 22. Rxd5 Qb6 23. Qf4 Qxb2 24. Qxh6 Qxa2 25. Rg5 Qb2 26. f4 Qd4+ 27.
Kh1 Qg7 28. Qh4 a5 29. f5 a4 30. f6 Qh8 31. Qd4 Qh6 32. Rg3 Rfc8 33. Qd5 a3 34.
Qa2 Rc1 35. Rgf3 Rxf1+ 36. Rxf1 Qe3 37. h3 Qe5 38. Rf2 b5 39. Kg1 b4 40. h4 Rc8
41. Qd2 Qc3 42. Qh6 Qc1+ 43. Qxc1 Rxc1+ 44. Kh2 b3 45. Rd2 Rc8 46. h5 b2 47.
hxg6 b1=Q 48. gxf7+ Kxf7 49. Rd7+ Kxf6 50. Rd6+ Ke5 51. Rh6 Rc1 52. Rh5+ Kf6
53. Rh6+ Kg5 54. Rh3 Rh1+ 55. Kg3 Rxh3+ 56. gxh3 Qd3+ 57. Kh2 Kh4 58. Kg2 Qe2+
59. Kg1 Kg3 60. h4 Qg2# 0-1

[Event "MINI_ELO 2019 (1)"]
[Site "Suwalki"]
[Date "2019.03.24"]
[Round "5.2"]
[White "Kotarski, Grzegorz"]
[Black "Sapinski, Sebastian"]
[Result "0-1"]
[WhiteElo "1414"]
[BlackElo "1466"]
[PlyCount "118"]
[EventDate "2019.??.??"]

1. d4 e6 2. c4 Nf6 3. Nc3 d5 4. Bg5 Be7 5. e3 O-O 6. cxd5 exd5 7. Bd3 c6 8.
Nge2 Ne4 9. Bf4 f5 10. O-O Bd6 11. Bc2 Qe7 12. Qd3 b6 13. f3 Ba6 14. Bxd6 Nxd6
15. Qd2 Nc4 16. Qc1 Qxe3+ 17. Rf2 Qxc1+ 18. Rxc1 Nxb2 19. Nf4 Bc8 20. Re2 Na6
21. Bb3 Nc4 22. Rce1 Bd7 23. Re7 Rfe8 24. Ncxd5 cxd5 25. Nxd5 b5 26. a4 Kf8 27.
axb5 Bxb5 28. Rxe8+ Rxe8 29. Rxe8+ Kxe8 30. Kf2 Kd7 31. Nf4 Kd6 32. h4 Nb4 33.
Nh5 g6 34. Nf6 h6 35. g4 Nd5 36. Ne8+ Ke7 37. gxf5 Kxe8 38. fxg6 Nf4 39. Bc2
Ne6 40. d5 Nf4 41. d6 Nxd6 42. Ke3 Ng2+ 43. Kd4 Nxh4 44. f4 Ke7 45. Ke5 Nc4+
46. Kd4 Kf6 47. f5 Nb6 48. Ke3 Nxf5+ 49. Kf4 Ne7 50. Kg4 Nxg6 51. Kh5 Nf4+ 52.
Kxh6 Bc4 53. Kh7 Bd3+ 54. Kh6 a5 55. Ba4 Nbd5 56. Bb3 Ne7 57. Ba2 Bg6 58. Be6
a4 59. Bf7 Nf5# 0-1

[Event "MINI_ELO 2019 (1)"]
[Site "Suwalki"]
[Date "2019.03.24"]
[Round "5.3"]
[White "Kopaczewski, Zbigniew"]
[Black "Sawicki, Wojciech"]
[Result "1-0"]
[WhiteElo "1335"]
[BlackElo "1341"]
[PlyCount "73"]
[EventDate "2019.??.??"]

1. e3 e6 2. b3 Nf6 3. Bb2 b6 4. Nf3 Bb7 5. c4 c5 6. d4 d5 7. dxc5 bxc5 8. cxd5
exd5 9. Nc3 Nbd7 10. Be2 Bd6 11. Nb5 Bb8 12. Qc2 a6 13. Nc3 Qc7 14. Rc1 O-O 15.
Qf5 Qd6 16. Na4 Ba7 17. Bd3 g6 18. Qg5 Kg7 19. Qh4 Rac8 20. O-O Bb8 21. Rfe1
Rfe8 22. Nd2 Ba7 23. Bb1 Bc6 24. Nc3 Bb5 25. a4 Bc6 26. Ne2 Bb6 27. Nf3 Ba5 28.
Red1 Rb8 29. Bc2 Bc7 30. Nf4 d4 31. Ng5 Rf8 32. g3 Rbe8 33. exd4 cxd4 34. Rxd4
Qe7 35. Bd3 Nb8 36. Re4 Bxe4 37. Qxh7# 1-0

[Event "MINI_ELO 2019 (1)"]
[Site "Suwalki"]
[Date "2019.03.24"]
[Round "5.4"]
[White "Palejko, Maria"]
[Black "Wasilewski, Stanislaw"]
[Result "1-0"]
[WhiteElo "1238"]
[BlackElo "1147"]
[PlyCount "127"]
[EventDate "2019.??.??"]

1. e4 c5 2. Nf3 Nc6 3. d4 cxd4 4. Nxd4 Nf6 5. Nc3 e5 6. Nf3 Bb4 7. Bd2 O-O 8.
Bd3 d5 9. Nxd5 Nxd5 10. exd5 Bxd2+ 11. Qxd2 Ne7 12. c4 f5 13. Nxe5 Re8 14. O-O
Nxd5 15. cxd5 Rxe5 16. Bc4 Kh8 17. Rfe1 Rxe1+ 18. Rxe1 Bd7 19. a3 Rc8 20. Bd3
Rc5 21. Be2 Bc6 22. Bf3 Bxd5 23. Rd1 Qc7 24. Bxd5 Rc2 25. Qe3 Qd8 26. Bf3 Qf8
27. Qb3 Rc8 28. h3 b6 29. Qd3 Re8 30. Qd6 Qxd6 31. Rxd6 g6 32. Kh2 Rc8 33. Rd7
Rc2 34. b4 Rxf2 35. Rxa7 Rd2 36. Rb7 Rd6 37. Kg3 g5 38. Rf7 f4+ 39. Kg4 h6 40.
h4 gxh4 41. Kxh4 Kg8 42. Rxf4 Kg7 43. Rc4 Kf6 44. Rc6 Rxc6 45. Bxc6 Kg6 46. a4
Kf5 47. a5 bxa5 48. bxa5 Ke6 49. a6 Kd6 50. a7 Kxc6 51. a8=Q+ Kd6 52. Qa6+ Ke5
53. Qxh6 Kd5 54. Qe3 Kd6 55. Kg5 Kd5 56. Kf6 Kd6 57. Qd3+ Kc6 58. Ke5 Kc7 59.
Ke6 Kc6 60. Qc4+ Kb7 61. Kd6 Kb6 62. Qb4+ Ka7 63. Kc6 Ka8 64. Qb7# 1-0

[Event "MINI_ELO 2019 (1)"]
[Site "Suwalki"]
[Date "2019.03.24"]
[Round "5.5"]
[White "Gorka, Robert"]
[Black "Walendykiewicz, Martyna"]
[Result "0-1"]
[WhiteElo "1166"]
[BlackElo "1175"]
[PlyCount "58"]
[EventDate "2019.??.??"]

1. Nf3 d6 2. g3 e5 3. d3 Bg4 4. Bg2 Nf6 5. Nxe5 dxe5 6. Bxb7 Nbd7 7. Bxa8 Qxa8
8. O-O Bh3 9. e4 Bxf1 10. Kxf1 Qc8 11. f4 Bd6 12. f5 h6 13. Nc3 a6 14. Be3 Qb7
15. b3 Bb4 16. Na4 Nb6 17. Bxb6 cxb6 18. c3 Be7 19. a3 O-O 20. Nb2 Rc8 21. Nc4
Qc7 22. d4 exd4 23. e5 Nh7 24. Qxd4 b5 25. Nd6 Qxc3 26. Qd1 Rd8 27. Rc1 Qxe5
28. Rc8 Rxc8 29. Nxc8 Qxf5+ 0-1

[Event "MINI_ELO 2019 (1)"]
[Site "Suwalki"]
[Date "2019.03.24"]
[Round "5.6"]
[White "Butkiewicz, Jan"]
[Black "Palejko, Gabriela"]
[Result "0-1"]
[WhiteElo "1165"]
[BlackElo "1113"]
[PlyCount "139"]
[EventDate "2019.??.??"]

1. d4 d5 2. c4 e6 3. Nc3 Nf6 4. Bg5 Be7 5. Nf3 O-O 6. e3 Re8 7. cxd5 Nxd5 8.
Bxe7 Qxe7 9. Qc2 Nf6 10. Bd3 b6 11. Ne4 h6 12. Nxf6+ Qxf6 13. Be4 c6 14. Bxc6
Nxc6 15. Qxc6 Ba6 16. Qa4 Bb7 17. Qd1 Rad8 18. Qe2 Qg6 19. O-O e5 20. dxe5 Rxe5
21. Ne1 Red5 22. Qc4 Rc5 23. Qh4 Rdc8 24. Qg3 Qf6 25. Qf4 Qxf4 26. exf4 Ba6 27.
a3 Bxf1 28. Kxf1 Rc1 29. Rxc1 Rxc1 30. Ke2 Rc8 31. g3 Kf8 32. Nd3 Ke7 33. Ke3
Ke6 34. Ke4 f5+ 35. Kd4 Kd6 36. Nb4 a5 37. Nd3 Rc2 38. a4 Ke6 39. h4 Kd6 40. b3
Ke6 41. h5 Kd6 42. Ne5 Rxf2 43. Nc4+ Kc6 44. Ke5 Rf3 45. Kxf5 Rxg3 46. Ne5+ Kc7
47. Ke6 Rxb3 48. Kf7 Rg3 49. f5 Rg5 50. Ng6 Rxf5+ 51. Kxg7 Rxh5 52. Nf4 Rh4 53.
Nd5+ Kc6 54. Ne7+ Kd7 55. Nd5 Rg4+ 56. Kxh6 Rh4+ 57. Kg5 Kc6 58. Ne7+ Kd7 59.
Nd5 Rd4 60. Nxb6+ Kc6 61. Nc8 Rxa4 62. Ne7+ Kd7 63. Nd5 Kd6 64. Nb6 Rb4 65.
Nc8+ Kc7 66. Ne7 Kd7 67. Ng6 Kc7 68. Ne7 Kb7 69. Nf5 Rb5 70. Kf4 0-1

[Event "MINI_ELO 2019 (1)"]
[Site "Suwalki"]
[Date "2019.03.24"]
[Round "5.7"]
[White "Janczylik, Tomasz"]
[Black "Bartnik, Michal"]
[Result "1/2-1/2"]
[WhiteElo "1217"]
[BlackElo "1074"]
[PlyCount "63"]
[EventDate "2019.??.??"]

1. d4 Nf6 2. c4 e6 3. Nc3 c6 4. e4 d5 5. e5 Nfd7 6. a3 dxc4 7. Bxc4 Nb6 8. Ba2
Be7 9. b4 a6 10. Nge2 O-O 11. O-O Nd5 12. Nxd5 exd5 13. Ng3 Be6 14. Bb1 Nd7 15.
Qh5 g6 16. Qh6 Re8 17. Qe3 Bf8 18. Qe2 Bg7 19. f4 f5 20. Rf3 Nf8 21. Nf1 Qd7
22. h4 h5 23. Rh3 Bf7 24. Be3 b5 25. Bd3 Ne6 26. Nh2 Rec8 27. Nf3 Rc7 28. Ng5
Nxg5 29. hxg5 Qe6 30. Kf2 Qe8 31. Rhh1 Rac8 32. Rhc1 1/2-1/2

[Event "MINI_ELO 2019 (1)"]
[Site "Suwalki"]
[Date "2019.03.24"]
[Round "5.8"]
[White "Wiszniewski, Stanislaw"]
[Black "Makarec, Anna"]
[Result "0-1"]
[WhiteElo "1233"]
[BlackElo "1071"]
[PlyCount "108"]
[EventDate "2019.??.??"]

1. e4 e5 2. Nf3 Nc6 3. Bc4 Nf6 4. Nc3 Nxe4 5. Nxe4 d5 6. Bxd5 Qxd5 7. d3 Bb4+
8. Bd2 Bxd2+ 9. Qxd2 Be6 10. O-O f6 11. a3 h6 12. b4 Qd7 13. Nc5 Qe7 14. Rfe1
Bc8 15. d4 O-O 16. d5 b6 17. Nb3 Rd8 18. c4 Qf7 19. Qc2 Ne7 20. h3 Bf5 21. Qc3
Ng6 22. Nfd2 Nf4 23. Ne4 Qg6 24. Ng3 h5 25. h4 Re8 26. Re3 Qg4 27. Qc1 Bd7 28.
Nd2 Qxh4 29. Nf3 Qg4 30. Nh2 Qg6 31. Qf1 h4 32. Ne2 Nxe2+ 33. Qxe2 c6 34. Nf3
h3 35. g3 cxd5 36. cxd5 Bg4 37. Qd2 Rad8 38. Nh2 Bd7 39. Rc1 Bb5 40. Nf3 Qf7
41. d6 e4 42. Ne1 Qe6 43. Kh2 Rxd6 44. Qb2 Kf7 45. Nf3 Qd7 46. Ng1 Qf5 47. Rec3
Bd7 48. Rc7 a6 49. Nxh3 Qxh3+ 50. Kg1 Rh8 51. Qb3+ Ke7 52. f4 Qh1+ 53. Kf2 Rh2+
54. Ke3 Qf3# 0-1